Автоматическое управление электроприводами моталок в прокатных станах

Dettagli Bibliografici
Autore principale: Бригиневич Б. В. Борис Викторович
Altri autori: Зевакин А. И. Александр Иванович
Lingua:russo
Pubblicazione: Москва, Энергия, 1978
Soggetti:
Natura: MixedMaterials Libro
KOHA link:https://koha.lib.tpu.ru/cgi-bin/koha/opac-detail.pl?biblionumber=371272

MARC

LEADER 00000nam0a2200000 4500
001 371272
005 20231102012349.0
035 |a (RuTPU)RU\TPU\retro\28682 
090 |a 371272 
100 |a 20221006d1978 km y0rusy50 ca 
101 0 |a rus 
102 |a RU 
105 |a a z 001zy 
200 1 |a Автоматическое управление электроприводами моталок в прокатных станах  |f Б. В. Бригиневич, А. И. Зевакин 
210 |a Москва  |c Энергия  |d 1978 
215 |a 145 с.  |c ил. 
320 |a Библиогр.: с. 142-144 
606 1 |a Прокатные станы  |x Электроприводы  |x Автоматическое управление  |x Расчет  |2 stltpush  |3 (RuTPU)RU\TPU\subj\52112  |9 70603 
610 1 |a моталки 
610 1 |a динамика 
610 1 |a схемы 
610 1 |a режимная наладка 
675 |a 621.771.2-8  |v 4 
700 1 |a Бригиневич  |b Б. В.  |g Борис Викторович 
701 1 |a Зевакин  |b А. И.  |g Александр Иванович 
801 1 |a RU  |b 63413507  |c 20221006 
942 |c BK